000 00219nam a22001217a 4500
040 _cHS
082 _a111
100 _aNA
245 _aEnglsih for agriculture
260 _aRUA
_bNA
_cNA
300 _a55p;
942 _cEK
999 _c9486
_d9486